Linia kolejowa nr 146 - posterunki i przystanki - Statystyki

Ogólne statystyki
  • Ten quiz został rozwiązany 4 razy
  • Średni wynik to 8 z 16
Statystyki odpowiedzi
Rodzaj punktu Linie
kolejowe
Nazwa punktu % Poprawnych
Stacja 131, 146 Chorzew Siemkowice
100%
Posterunekodgałęźny 1, 146 Wyczerpy
100%
Przystanek osobowy 146 Nowa Brzeźnica
75%
Stacja 146 Brzeźnica nad Wartą
50%
Stacja 146 Cykarzew
50%
Przystanek osobowy 146 Cykarzew Północny
50%
Przystanek osobowy 146 Dubidze
50%
Przystanek osobowy 146 Dubidze-Kolonia
50%
Przystanek osobowy 146 Stary Cykarzew
50%
Przystanek osobowy 146 Ważne Młyny
50%
Przystanek osobowy (w budowie) 146 Wistka
50%
Stacja 146 Biała Pajęczańska
25%
Przystanek osobowy 146 Biała Szlachecka
25%
Przystanek osobowy 146 Mykanów
25%
Mijanka 146 Rząsawa
25%
Przystanek osobowy 146 Stary Broniszew
0%
Nie znaleziono quizów pasujących do podanych kryteriów
Rozkład punktacji
Procent ludzi z każdym wynikiem
Percentyl według liczby udzielonych odpowiedzi
Twoja historia wyników
Nie rozwiązałeś tego quizu